Регионална библиотека "Любен Каравелов" - Русе

Цивилизацията (Запис номер 93079)

MARC детайли
000 -Лидер
Контролно поле с фиксирана дължина 01801nam a2200349 c 4500
003 - Код на организацията, давaща контролен номер
Контролно поле BLK
005 - Дата и час на последна редакция
Контролно поле 20250218102902.0
008 - Елементи от данни с фиксирана дължина
fixed length control field 180408b bul|||||r ||||||| ||bul||
010 ## - Наследен системен номер
LC control number KNG00097868000
040 ## - Източник на каталожния запис
Идентификатор на билиотеката - собственик на записа BLK
041 ## - Код за език
Код за езика на текст/звукозапис или на отделно заглавие Български
Код за езика КДБФ Български
080 ## - УДК
Текстов определител УДК Цивилизация. Култура. Прогрес. История на културата вж 930.85
УДК код - определител по УДК 008
УДК определител
УДК - код + определител 008
080 ## - УДК
Текстов определител УДК История на изкуството (периоди и фази). Художествени стилове и влияния
УДК код - определител по УДК 7.03
УДК определител
УДК - код + определител 7.03
100 1# - Редна дума - Автор
Автор Кларк, Кенет Маккензи
Авторска отговорност първи автор
R(LIN) 280579
139 ## - Редно поле
Редна дума Кларк, Кенет Маккензи
Авторски знак Кла - К 63
245 10 - Сведения за заглавието
Заглавие Цивилизацията
Подзаглавни данни Едно лично гледище за развитието на културата и изкуството на народите на Зап. Европа
Редно поле (дума) Кенет Маккензи Кларк; прев. от англ. Нели Станиславова Доспевска.
257 ## - Страна на издаване
Страна на създаване/издаване Великобритания
260 ## - Област на издателските данни
-- София
Име на издателя, разпространителя и проч. Бълг. художник
Година на издаване 1977
300 ## - Физическа характеристика
Страници 400 с.
Илюстрации и др. с ил., 22 л. : репрод.
Размери/Мащаб 24 см
380 ## - Жанр
Жанр Общ отдел
500 ## - Общи забележки
Забележка Ориг. загл. Civilisation. - 40 000 тир. - Именен, предм. и геогр. показалци.
650 #4 - Допълнително описание по предмет – тема
Основно описание – тема или топоним Култура, западноевропейска
9 (RLIN) 293789
651 #0 - Допълнително описание по предмет - топоним
Географско понятие Западна Европа
9 (RLIN) 243454
653 ## - Ключова дума – ненормативна
Ключова дума култура
700 ## - Други автори (авторска отговорност)
Лично име Доспевска, Нели Станиславова
Дати, свързани с автора 1915-1988
9 (RLIN) 261711
852 ## - Местоположение
Форматна сигнатура Цб 89714
856 4# - Електронен адрес и достъп
Електронен формат pdf - файл
Път до файла /url/
856 4# - Електронен адрес и достъп
Електронен формат pdf - файл
Път до файла /url/
942 ## - АРТИКУЛИ
Вид на библиотечния материал Книги
Скрит в OPAC Не
Koha issues (borrowed), all copies 9
944 ## - СЪЗДАВАНЕ И РЕДАКЦИЯ на ЗАПИСА
Създаване/Редакция Създаване
Дата на регистрацията/редакция 08.11.2010
Статус, дата на статуса Геновева Генчева
Служител, извършил регистрацията/редакцията 30560
944 ## - СЪЗДАВАНЕ И РЕДАКЦИЯ на ЗАПИСА
Създаване/Редакция Редакция
Дата на регистрацията/редакция 14.09.2017
Статус, дата на статуса ф / 05.11.2010
Служител, извършил регистрацията/редакцията Людмила_Стоянова
999 ## - СИСТЕМНИ КОНТРОЛНИ НОМЕРА
Koha biblionumber 93079
Koha biblioitemnumber 93079
Наличности
Код за отписване Код за изгубен артикул Източник на класификационната схема Код за повреда Коз за рестрикции Код за отдаване Артикулен № Име на библиотеката - собственик Име на библиотеката, в която се намира в момента Статус (Текущо местоположение) Дата на вписване в системата Местоположение - отдел Цена в лева Инвентарен номер Систематично азбучна сигнатура Баркод Номер на екземпляра Цена в евро Служебна бележка Служебен тип на артикула
Изтеглен Не е изгубен Universal Decimal Classification Не е повреден без рестрикции заемане за дома 149717 Регионална библиотека "Любен Каравелов" Русе Регионална библиотека "Любен Каравелов" Русе Отдел Изкуство - подръчен фонд 1977-01-01 Отдел Изкуство - подръчен фонд 6.00 248935 0/К 63 248935 1 3.07 Дост: Pk Вид: Ф N: стар фонд Дата: 01.01.1977 Дата инв: 05.06.2012 Бележки инв: * Книги
  Не е изгубен Universal Decimal Classification Не е повреден без рестрикции заемане за дома 149718 Регионална библиотека "Любен Каравелов" Русе Регионална библиотека "Любен Каравелов" Русе Отдел Изкуство - подръчен фонд 1977-01-01 Отдел Изкуство - подръчен фонд 6.00 269245 0/К 63 120000269245 2 3.07 Дост: Pk Вид: Ф N: стар фонд Дата: 01.01.1977 Дата инв: 10.02.2015 Бележки инв: ИП2015 Книги
  Не е изгубен Universal Decimal Classification Не е повреден без рестрикции заемане за дома 149719 Регионална библиотека "Любен Каравелов" Русе Регионална библиотека "Любен Каравелов" Русе Заемна - подръчен фонд 1977-01-01 Заемна - подръчен фонд 6.00 269246 П 008/К 63 120000269246 3 3.07 Дост: Pk Вид: Ф N: стар фонд Дата: 01.01.1977 Дата инв: 01.02.2018 Бележки инв: П2018 Книги
  Не е изгубен Universal Decimal Classification Не е повреден само за читалня ползва се в читалня 149720 Регионална библиотека "Любен Каравелов" Русе Регионална библиотека "Любен Каравелов" Русе Хранилище 1977-01-01 Хранилище 6.00 248434 Цб 298532 120000248434 4 3.07 Дост: Dp Вид: Д N: стар фонд Дата: 01.01.1977 Книги
  Не е изгубен Universal Decimal Classification Не е повреден без рестрикции заемане за дома 149721 Регионална библиотека "Любен Каравелов" Русе Регионална библиотека "Любен Каравелов" Русе Заемна - подръчен фонд 2017-08-24 Заемна - подръчен фонд 16.00 120000814386 П 008/К 63 120000814386 5 8.18 Дост: DA Вид: А N: 34 Дата: 24.08.2017 Дата инв: 01.02.2018 Бележки инв: П2018 Книги
Vip Innovations Ltd, Rousse, Bulgaria 2025